000 00445nam a2200181Ia 4500
005 20240823010752.0
008 240823s9999||||xx |||||||||||||| ||und||
041 _aENGLISH
082 _A005.133 N1
100 _a"Head,George O"
245 0 _aAutoLISP In plain English
250 _a1st
260 _c1991
_b"Galgotia,New Delhi"
500 _aTRANSFERED
650 _aComputer Science
_bComputer Science
942 _cBK
999 _c159593
_d159593